1365 1817 1373 1179 1888 1271 1555 1786 1927 1353 1169 1147 1385 1354 1505 1852 1994 1494 1904 1406 1543 1847 1850 1143 1647 1931 1989 1739 1088 1223 1183 1464 1743 1544 1632 1436 1627 1272 1915 1251 1914 1377 1261 1275 1207 1944 1573 1569 1366 1961 1062 1172 1680 1165 1862 1155 1600 1677 1648 1211 1450 1246 1563 1338 1928 1928 1696 1680 1545 1970 1263 1181 1658 1724 1810 1160 1090 1283 1222 1583 1920 1140 1611 1991 1666 1562 1085 1792 1601 1048 1450 1671 1616 1194 1574 1989 1288 1108 1949 BCNSPRNW ULIB Ver.6.0+V

เปลี่ยนเป็นภาษาไทย

Change to English
 แสดงรายละเอียดบรรณานุกรม
  กลับหน้าหลัก

Brief Record : Get Marc (ISO 2709) : E-mail record : QR code < ปิดหน้าต่าง
LEADER : 00000nas 2200000uu 4500
001    13399120627
003     ULIB
008    121001s||||||||th 000 0 tha d
022 0  08583552
245 00 วารสารสาธารณสุขเพชรบุรี
260    เพชรบุรี:^bสำนักงานสาธารณสุขเพชรบุรี
310    ราย 6 เดือน
850    ^aฉบับที่ 38 ปีที่ 23
856    www.pbro.moph.go.th
945    ^p0^l0^i900749
999    ^aใช้งานได้ทุกระบบ
รายการนี้ยังไม่มีแท็ก
คุณยังไม่ได้ล็อกอิน คุณสามารถมีกิจกรรมร่วมกับเว็บไซต์ได้ แต่ต้องล็อกอินก่อน ::
  ล็อกอิน

รายการสื่อสารสนเทศ (วารสาร)

ดูแบบ: กล่อง รายการ
ARRIVED
ฉบับที่ 38 ปีที่ 23
สถานที่: ห้องสมุดวิทยาเขตสวรรค์ประชารักษ์ >หนังสือทั่วไป

BibComment


ยังไม่เคยถูกคอมเมนท์

คอมเมนท์ทรัพยากรรายการนี้
  คอมเมนท์: วารสารสาธารณสุขเพ..


 Copyright 2026. Bcnsprnw @Library